=LDR 00000nam 2200000 4500 =001 INLIS000000000034343 =005 20130612140243 =008 ***********************************ind** =035 ##$$a0010-061300000034343 =041 ##$$a ind =082 ##$$a 813 =090 ##$$a 813, Sha a =100 ##$$a SHELDON, Dyan =245 ##$$a Aku sudah dewasa, Dyan Sheldon ; alih bahasa, Monica Dwi Chresnayani =260 ##$$a 2005 $b Jakarta =300 ##$$a 253 hlm, 21 cm =650 ##$$a Fiksi =700 ##$$a Chresnayani, Monica Dwi =850 ##$$a NBPNMAT =990 ##$$a 0001/BPAP-NTB/20142014